Gift,housewares & home textiles buyer : 2008-2009 edition.
| Format: | Book |
|---|---|
| Published: |
Richmand:
Dougles Publications,
2008.
|
| Subjects: |
| LEADER | 00553cam a2200169 7i4500 | ||
|---|---|---|---|
| 001 | 0000021117 | ||
| 005 | 20080421090000.0 | ||
| 020 | 0 | 0 | |a 0-87228-489-0 |
| 090 | 0 | 0 | |a P 658.82 |b GIF |
| 245 | 0 | 0 | |a Gift,housewares & home textiles buyer : |b 2008-2009 edition. |
| 260 | 0 | 0 | |a Richmand: |b Dougles Publications, |c 2008. |
| 300 | # | # | |a 541 p. |
| 650 | 0 | 0 | |a Textile industry -- |x Directories |
| 650 | 0 | 0 | |a Gifts -- |x Directories |
| 650 | 0 | 0 | |a Homewares -- |x Directories |
| 650 | 0 | 0 | |a Home textiles -- |x Directories |
| 999 | |a B000022223 |b Book |c Products |e Business Information Centre | ||